| 000 | 00671nam a22002177a 4500 | ||
|---|---|---|---|
| 005 | 20251108170029.0 | ||
| 008 | 250721s1988 xx 000 0 ara d | ||
| 082 | 1 | 4 | _aط/ق/فوك |
| 100 | 1 | _aفوكنر، ج . ميد | |
| 245 | 1 | 0 | _aمونفليت / |
| 250 | _aط2 | ||
| 264 | 1 |
_aالقاهرة : _bالشركة المصرية العالمية للنشر - لونجمان، _c1988. |
|
| 300 | _a100ص | ||
| 490 | 0 | _aالسنابل : الروايات المشهورة | |
| 650 | 1 | 7 | _aأدب الأطفال |
| 650 | 1 | 7 | _aالأدب المترجم |
| 650 | 1 | 7 | _aالروايات |
| 700 | 1 |
_aكرم، بهية _eترجمة |
|
| 942 |
_2ddc _cBK |
||
| 999 |
_c37877 _d37877 |
||